| 000 | 00453nam a22001577a 4500 | ||
|---|---|---|---|
| 020 | _a0863181619 | ||
| 020 | _a0863182232 | ||
| 082 |
_a616.852706 _bGIL _cL-27, P-130 |
||
| 100 |
_aDr Richard Gillett _940141 |
||
| 245 |
_aThe british holistic medical association _cGillett, Dr Richard |
||
| 260 |
_aLondon _bDorling kindersley _c1987 |
||
| 300 |
_a224 p. _bill. |
||
| 526 |
_a0 _b0 _c0 _d616_852706000000000_GIL |
||
| 650 |
_aMCE _9379 |
||
| 942 |
_2ddc _cBK |
||
| 999 |
_c544500 _d544500 |
||